MDQL
is popping MORE tags! Check the
thread
!
Quizzes
Events
Quiz Creation
Community
Videos
Private Events
Remove Ads
Sign In
Join for FREE
Feedback
Dark Mode
Quiz Categories
Sports
Geography
Music
Movies
Television
Just For Fun
Miscellaneous
History
Literature
Language
Science
Gaming
Entertainment
Religion
Holiday
For Kids
Quiz Lab
Recent
Popular Today
Quiz Kudos Today
Editor Picks
Curator Picks
Quizzes by...
Day
Popularity
Type
Ratings
Length
Year
Community
Subscriptions
Recent Discussions
Orange Saloon
Badges
Playlists
Quests
Create
Leaderboards
Showdown
Live 5
Trivia Bingo
Activity
Puzzle Library
Sporcle Events
Private Events
Virtual Trivia
Globe League
Become a Host
Pub Owners
SporcleCon
Opinionation
Our Games
Videos
Blog
Mobile Apps
Partnerships
Remove Ads and Go Orange
Feedback
Geography
Country
Landmarks
City
State
Population
World
Capital
Continent
Flags
Europe
Africa
Asia
South America
North America
Oceania
Border
Canada
United Kingdom
Topography
United States
Geography
Country
Landmarks
City
State
Population
World
Capital
Continent
Flags
Europe
Africa
Asia
South America
North America
Oceania
Border
Canada
United Kingdom
Topography
United States
Random Quiz
Search Sporcle
×
Quiz Lab
Quiz Lab
Geography
Border
Type in answers that appear in a list
Type in answers that appear in a list
Classic
Best Score? Go Orange.
Countries: Relative Perimeters Stats
Can you name the countries with the longest perimeters (land borders and coastlines) relative to land area?
By
SWert
6m
30 Questions
910 Plays
910 Plays
910 Plays
Comments
Comments
Give Quiz Kudos
Give Quiz Kudos
-
- Ratings
hide this ad
Replay
Link that replays current quiz
Next Quiz
Link to next quiz in quiz playlist
You Got
0%
They Got
Avg Score
62%
Avg Friend Score
Upgrade to see
Score Distribution
Jump to the score distribution portion of the page
Score
0/30
Timer
06:00
0
Plays Today
Country
% Correct
3
Canada
87.7%
26
Chile
86.7%
8
Indonesia
86.6%
28
Russia
85.4%
6
Japan
82%
5
Norway
81.3%
17
United Kingdom
78.8%
4
Philippines
75.8%
11
Denmark (with or without Greenland - same ranking)
72.5%
15
New Zealand
71.9%
22
Italy
70.2%
9
Greece
70.1%
1
Federated States of Micronesia
65.8%
29
Malaysia
64.4%
16
Marshall Islands
62.4%
Country
% Correct
13
Solomon Islands
61.6%
23
Iceland
57.6%
10
Maldives
57.5%
18
Seychelles
56.5%
7
Kiribati
54.8%
14
Bahamas
54.6%
2
Palau
54.1%
12
Croatia
53%
27
Vietnam
52.9%
19
Vanuatu
52.2%
24
Tonga
49.7%
30
Haiti
41.6%
25
Cape Verde
35.6%
21
Democratic Republic of the Congo
25.9%
20
Estonia
18.9%
Quiz Playlist
Details
Report
Send in Message
Add To Playlist
Classic:
Type in answers that appear in a list
Quiz Source
Last Updated: Feb 16, 2017
Quiz Scoreboard
CHALLENGE
Sign Up to Join the Scoreboard
Show All
Scores
Hide
Comments
May contain spoilers
Recently Published
Find the 'City' Movie
by crazypaving
Movies
60s
5x2 Blitz: Bands
by SL_Kpop136
Music
30s
Colored Red Africa Blitz
by spor1
Geography
30s
More to Explore
Quiz From the Vault
Featured Blog Post
14 Easter Pick-up Lines to Find Eggs With
hide this ad
You Might Also Like...
Tags
Border Quiz
Country Quiz
area
land
length
longest
Perimeter
ratio
Relative
Today's Top Quizzes in Geography
Browse Geography
hide this ad
Today's Top Quizzes in Border
Browse Border
Top Contributed Quizzes in Geography
1
Colored Red Europe Blitz I
2
Countries of the World - No Outlines Minefield
3
Colored Red Africa Blitz II
4
Colored Red Europe Blitz II
5
Colored Red Europe Blitz III
6
Colored Red Africa Blitz III
7
Colored Red States Blitz I
8
Colored Red States Blitz II
9
Lietuvos savivaldybės (Lithuanian Municipalities)
10
A Different View: World Oceans
Explore More
Trending Topics
Harry Potter
NBA
Crossword
Disney
Kpop
Marvel
Anime
The Office
Song
Country
NFL
Pokémon
Puzzle
WWE
Soccer
hide this ad
More By:
SWert
Quiz
Plays
Rating
Category
Featured
Created
Countries: Longest Perimeter
219,165
4.45
Geography
Oct 21, 2009
Longest Total Land Borders
162,981
4.66
Geography
Oct 21, 2009
Countries: Relative Perimeters
910
4.28
Geography
Oct 22, 2009
CONCACAF Nations
417
4.20
Sports
Oct 6, 2009
Country & US State Comparative Area
318
4.20
Geography
Oct 28, 2009
Go to Creator's Profile
Score Distribution
Quiz Creator Spotlight
SWert
Follow
Send a Message
Quizzes Created
-
Created Quiz Play Count
-
More By This Creator
Popular Quizzes Today
1
Colored Red Africa Blitz
2
Find the 'City' Movie
3
Find the US States - No Outlines Minefield
4
5x2 Blitz: Bands
5
The Countries of the World
6
Find the US States
7
US States
8
Find the Countries of Europe - No Outlines Minefield
More Geography Quizzes
More Livestock Than People
Published
Trending Quizzes
Colored Red Europe Blitz I
Colored Red Africa Blitz II
Colored Red Europe Blitz II
Colored Red Europe Blitz III
Colored Red Africa Blitz III
Recently Updated
How Do You Spell That?
pecheneg
Godzilla Movies
pecheneg
Grab Bag: 4-10 Letters
pecheneg
2024 March Madness Bracket
pecheneg
Famous TV Couples
Peacemaker
Champions League XIs: Real Madrid
pecheneg
Largest US Cities 1790-2010
pecheneg
Rides in Walt Disney World
pecheneg
Most Oscar Losses (Acting)
pecheneg
Beyoncé Albums
pecheneg
Trending Topics
Anime
NBA
Marvel
Kpop
Harry Potter
Crossword
Disney
Puzzle
Soccer
Country
Pokémon
Song
NFL
WWE
The Office
Your Account Isn't Verified!
In order to create a playlist on Sporcle, you need to verify the email address you used during registration. Go to your
Sporcle Settings
to finish the process.
Report this User
Report this user for behavior that violates our
Community Guidelines
.
Details:
Send Report
Go to the Sporcle.com Mobile Site →
Comments